| 000 | 00708nam a2200217 a 4500 | ||
|---|---|---|---|
| 005 | 20240919064233.0 | ||
| 008 | 010521s1998 mx r 000 0 spa d | ||
| 020 | _a968232131X | ||
| 035 | _aUPN01000106564 | ||
| 049 | _aCG | ||
| 050 | 4 |
_aHD75 _bW3.48 |
|
| 100 | 1 |
_aWallerstein, Immanuel Maurice, _d1930- |
|
| 245 | 1 | 0 |
_aImpensar las ciencias sociales : _blímites de los paradigmas decimonónicos / _cpor Immanuel Wallerstein ; tr. de Susana Guardado. |
| 260 |
_aMéxico : _bSiglo XXI : _bUNAM, _c1998. |
||
| 300 | _a295 p. | ||
| 440 | 3 | _aEl mundo del siglo XXI | |
| 650 | 4 |
_aDesarrollo económico _96460 |
|
| 650 | 4 |
_aCiencias sociales _99133 |
|
| 650 | 7 |
_aHistoria económica _2 _910243 |
|
| 905 | _aLibro | ||
| 999 |
_c80476 _d80476 |
||